Russia's Soviet economy / (Record no. 43096)
[ view plain ]
| 000 -LEADER | |
|---|---|
| fixed length control field | 00750nam a2200241 a 4500 |
| 001 - CONTROL NUMBER | |
| control field | 43096 |
| 003 - CONTROL NUMBER IDENTIFIER | |
| rucl marc code | BD-RjUL |
| 005 - DATE AND TIME OF LATEST TRANSACTION | |
| control field | 20211209053639.0 |
| 008 - FIXED-LENGTH DATA ELEMENTS--GENERAL INFORMATION | |
| fixed length control field | 160619r19511950njuab 00| 0 eng d |
| 035 ## - SYSTEM CONTROL NUMBER | |
| System control number | (BD-RjUL)43214 |
| 040 ## - CATALOGING SOURCE | |
| Original cataloging agency | ZEM |
| Transcribing agency | ZEM |
| Modifying agency | OCL |
| -- | SOI |
| -- | BD-RjUL |
| Language of cataloging | eng |
| 041 ## - LANGUAGE CODE | |
| Language code of text/sound track or separate title | eng |
| 082 ## - DEWEY DECIMAL CLASSIFICATION NUMBER | |
| Edition number | 23 |
| Classification number | 330.945 |
| Author mark and year | SCR 1951 |
| 100 1# - MAIN ENTRY--PERSONAL NAME | |
| Personal name | Schwartz, Harry |
| 9 (RLIN) | 7454 |
| 245 10 - TITLE STATEMENT | |
| Title | Russia's Soviet economy / |
| Statement of responsibility, etc. | Harry Schwartz. |
| 260 ## - PUBLICATION, DISTRIBUTION, ETC. (IMPRINT) | |
| Place of publication, distribution, etc. | New York. : |
| Name of publisher, distributor, etc. | Prentice-Hall, |
| Date of publication, distribution, etc. | c1950 [printing 1951] |
| 300 ## - PHYSICAL DESCRIPTION | |
| Pagination | xxvi, 592 p. : |
| Illustrations | ill. ; |
| Size | 23 cm. |
| 500 ## - GENERAL NOTE | |
| General note | Includes index |
| 650 ## - SUBJECT ADDED ENTRY--TOPICAL TERM | |
| Topical term or geographic name as entry element | Economic conditions. |
| 9 (RLIN) | 7455 |
| 651 #0 - SUBJECT ADDED ENTRY--GEOGRAPHIC NAME | |
| Geographic name | Soviet Union |
| General subdivision | Economic conditions |
| Chronological subdivision | 1917-1945. |
| 9 (RLIN) | 7456 |
| Geographic name | Russia |
| General subdivision | Economic conditions |
| Chronological subdivision | 1917- |
| 9 (RLIN) | 132341 |
| 942 ## - ADDED ENTRY ELEMENTS (KOHA) | |
| Source of classification or shelving scheme | Dewey Decimal Classification |
| Koha item type | Books |
| Lost status | Source of classification or shelving scheme | Damaged status | Not for loan | Collection code | Permanent Location | Current Location | Shelving location | Date acquired | Total Checkouts | Full call number | Date last seen | Copy number | Koha item type | Source of acquisition | Cost, normal purchase price |
|---|---|---|---|---|---|---|---|---|---|---|---|---|---|---|---|
| Dewey Decimal Classification | Non-fiction | Central Library, University of Rajshahi | Central Library, University of Rajshahi | 20/06/2016 | 330.945 SCR 1951 | 20/06/2016 | C-2 | Books | |||||||
| Dewey Decimal Classification | Non-fiction | Central Library, University of Rajshahi | Central Library, University of Rajshahi | 330.945 SCR 1951 | 21/07/2016 | C-3 | Books | Asia foundation | 0.00 | ||||||
| Dewey Decimal Classification | Non-fiction | Central Library, University of Rajshahi | Central Library, University of Rajshahi | 330.945 SCR 1951 | 21/07/2016 | C-4 | Books | Asia foundation | 0.00 | ||||||
| Dewey Decimal Classification | Non-fiction | Central Library, University of Rajshahi | Central Library, University of Rajshahi | 330.945 SCR 1951 | 21/07/2016 | C-5 | Books | Asia foundation | 0.00 | ||||||
| Dewey Decimal Classification | Non-fiction | Central Library, University of Rajshahi | Central Library, University of Rajshahi | 330.945 SCR 1951 | 21/07/2016 | C-6 | Books | Asia foundation | 0.00 | ||||||
| Dewey Decimal Classification | Non-fiction | Central Library, University of Rajshahi | Central Library, University of Rajshahi | 330.945 SCR 1951 | 21/07/2016 | C-7 | Books | Asia foundation | 0.00 | ||||||
| Dewey Decimal Classification | Not For Loan | Non-fiction | Central Library, University of Rajshahi | Central Library, University of Rajshahi | Reading Room | 31/01/1955 | 330.945 SCR 1951 | 22/12/2016 | C-1 | Books | N/A |